MyGZULibrary

Sustainability and communities of place / (Record no. 1457)

MARC details
000 -LEADER
fixed length control field 02745cam a2200325 a 4500
001 - CONTROL NUMBER
control field 14412027
003 - CONTROL NUMBER IDENTIFIER
control field GZU
005 - DATE AND TIME OF LATEST TRANSACTION
control field 20201015143503.0
008 - FIXED-LENGTH DATA ELEMENTS--GENERAL INFORMATION
fixed length control field 060613s2007 nyuab b 001 0 eng
010 ## - LIBRARY OF CONGRESS CONTROL NUMBER
LC control number 2006019281
020 ## - INTERNATIONAL STANDARD BOOK NUMBER
International Standard Book Number 1845450167 (alk. paper)
020 ## - INTERNATIONAL STANDARD BOOK NUMBER
International Standard Book Number 9781845450168 (alk. paper)
035 ## - SYSTEM CONTROL NUMBER
System control number (OCoLC)ocm70176792
035 ## - SYSTEM CONTROL NUMBER
System control number (OCoLC)70176792
040 ## - CATALOGING SOURCE
Original cataloging agency DLC
Transcribing agency DLC
Modifying agency BAKER
-- BTCTA
-- C#P
-- YDXCP
-- AGL
-- DLC
050 00 - LIBRARY OF CONGRESS CALL NUMBER
Classification number HC79.E5
Item number SUS 2006
245 00 - TITLE STATEMENT
Title Sustainability and communities of place /
Statement of responsibility, etc. edited by Carl A. Maida.
260 ## - PUBLICATION, DISTRIBUTION, ETC.
Place of publication, distribution, etc. New York :
Name of publisher, distributor, etc. Berghahn Books,
Date of publication, distribution, etc. 2007.
300 ## - PHYSICAL DESCRIPTION
Extent viii, 261 p. :
Other physical details ill., maps ;
Dimensions 24 cm.
440 #0 - SERIES STATEMENT/ADDED ENTRY--TITLE
Title Studies in environmental anthropology and ethnobiology ;
Volume/sequential designation v. 5
504 ## - BIBLIOGRAPHY, ETC. NOTE
Bibliography, etc. note Includes bibliographical references and index.
505 0# - FORMATTED CONTENTS NOTE
Formatted contents note Local and global knowledges -- Sustainability: where, when, for whom? past, present, and future of a local rural population in a protected natural area (Guaraquecaba, Brazil) / Claude Raynaut, Magda Zanoni, Angela Ferreira, and Paulo Lana -- Alaska native corporations and subsistence : paradoxical forces in the making of sustainable communities / Thomas F. Thornton -- Communities out of place / Johanna Gibson -- "Talking about kultura and signing contracts" : the bureaucratization of the environment on Palawan island (the Philippines) / Dario Novellino -- Local practices : adaptive strategies and state responses -- Does everyone suffer alike? race, class, and place in Hungarian environmentalism / Krista Harper -- Attachment sustains : the glue of prepared food / Deborah Pellow -- Globalization, local practice, and sustainability in the high plains region of the United States / Janet E. Benson -- Quality of life, sustainability, and urbanization of the Oxnard Plain, California / Barbara Yablon Maida and Carl A. Maida -- Social capital, civic engagement, and globalization -- Linked indicators of sustainability build bridges of trust / Kenneth A. Meter -- The design of the built environment and social capital : case study of a coastal town -- Facing rapid changes / Karla Caser -- Sociomaterial communication, community, and ecosustainability in the global era / Richard Westra -- The prospect of sustainability in the culture of capitalism, global culture, and globalization : a diachronic perspective / Snjezana Colic.
650 #0 - SUBJECT ADDED ENTRY--TOPICAL TERM
Topical term or geographic name entry element Sustainable development.
650 #0 - SUBJECT ADDED ENTRY--TOPICAL TERM
Topical term or geographic name entry element Community life.
700 1# - ADDED ENTRY--PERSONAL NAME
Personal name Maida, Carl A.
Relator term editor
856 41 - ELECTRONIC LOCATION AND ACCESS
Materials specified Table of contents only
Uniform Resource Identifier <a href="http://www.loc.gov/catdir/toc/ecip0616/2006019281.html">http://www.loc.gov/catdir/toc/ecip0616/2006019281.html</a>
906 ## - LOCAL DATA ELEMENT F, LDF (RLIN)
a 7
b cbc
c orignew
d 1
e ecip
f 20
g y-gencatlg
942 ## - ADDED ENTRY ELEMENTS (KOHA)
Source of classification or shelving scheme Library of Congress Classification
Koha item type Books
Classification part 79.E5
Item part SUS
Call number prefix HC
Holdings
Withdrawn status Lost status Source of classification or shelving scheme Damaged status Not for loan Collection code Home library Current library Shelving location Date acquired Total Checkouts Full call number Barcode Date last seen Copy number Price effective from Koha item type Inventory number
    Library of Congress Classification     Non-fiction City Campus Library City Campus Library General Stacks 04/10/2015   HC79.E5 SUS 2006 004101 10/15/2020 c. 1 10/15/2020 Books  
          Non-fiction Mashava Campus Library Mashava Campus Library General Stacks 05/06/2015   HC79 MAI 2006 004104 05/06/2021 c.2 05/06/2021 Books 21282